000 00317nam a2200133Ia 4500
008 151001s9999||||xx |||||||||||||| ||und||
100 _aश्यामसुंदर
245 _aवाडी
250 _a1
260 _bवैजमाउली
260 _c2004
300 _a16
365 _b21
999 _c982428
_d982425